Normal view
MARC view
- Wollert, James A.
Entry Personal Name
001 - CONTROL NUMBER
- control field: 7535
003 - CONTROL NUMBER IDENTIFIER
- control field: OSt
005 - DATE AND TIME OF LATEST TRANSACTION
- control field: 20170524090151.0
008 - FIXED-LENGTH DATA ELEMENTS
- fixed length control field: 170524|| aca||aabn | a|a d
040 ## - CATALOGING SOURCE
- Original cataloging agency: OSt
- Transcribing agency: OSt
100 ## - HEADING--PERSONAL NAME
- Personal name: Wollert, James A.
- Dates associated with a name: 1940-
- Fuller form of name: (James Alvin)
670 ## - SOURCE DATA FOUND
- Source citation: Work cat.: (OSt): Newsom, Doug. 7533, Media writing, c1985.

PORTAL AKMAL
E-MEL JKDM
AKMAL2U
G-BAM
u-PUSTAKA